Introduction To Data Mining: (Record no. 185211)

MARC details
000 -LEADER
fixed length control field 00779nam a22002177a 4500
005 - DATE AND TIME OF LATEST TRANSACTION
control field 20220201105358.0
010 ## - LCCN (DPL NO)
LC control number ENG-131335
020 ## - INTERNATIONAL STANDARD BOOK NUMBER
International Standard Book Number 9789354491047
Terms of availability 819.00
035 ## - SYSTEM CONTROL NUMBER
System control number EN-114867
037 ## - SOURCE OF ACQUISITION
Source of stock number/acquisition DBAD
082 ## - DEWEY DECIMAL CLASSIFICATION NUMBER
Classification number 006.312
100 ## - MAIN ENTRY--PERSONAL NAME
Personal name Tan, Pang-Ning
245 ## - TITLE STATEMENT
Title Introduction To Data Mining:
Statement of responsibility, etc Pang-Ning Tan, Michael Steinbach, Anuj Karpatne, Vipin Kumar
260 ## - PUBLICATION, DISTRIBUTION, ETC. (IMPRINT)
Place of publication, distribution, etc Uttar Pradesh
Name of publisher, distributor, etc Pearson India Education Services Pvt. Ltd
Date of publication, distribution, etc 2021
270 ## - ADDRESS
City Uttar Pradesh
Address 15th Floor, Tower-B, World Trade Tower, Plot No. 1, Block-C, Sector 16, Noida
Postal code 201301
Electronic mail address companysecretary.india@pearson.com
300 ## - PHYSICAL DESCRIPTION
Extent 856p.
Dimensions 24cm(pbk)
700 ## - ADDED ENTRY--PERSONAL NAME
Personal name Steinbach, Micheal
700 ## - ADDED ENTRY--PERSONAL NAME
Personal name Karpatne, Anuj
700 ## - ADDED ENTRY--PERSONAL NAME
Personal name Kumar, Vipin
942 ## - ADDED ENTRY ELEMENTS (KOHA)
Source of classification or shelving scheme Dewey Decimal Classification
Item type English Books
Classification part 006.312
Call number suffix TAN
Holdings
Withdrawn status Lost status Not for loan Collection code Home library Current library Date acquired Source of acquisition Cost, normal purchase price Full call number Barcode Copy number Cost, replacement price Koha item type
      Non-fiction Patel Nagar Patel Nagar 01/02/2022 DBAD/PUB 819.00 006.312 TAN EN-114867 1 819.00 English Books

© Delhi Public Library
Hit Counter
free hit counter